Autodesk Inventor 2023: A Tutorial Introduction.

Furkejuvvon:
Bibliográfalaš dieđut
Váldodahkki: Hansen , Scott (Dahkki)
Materiálatiipa: Dovdameahttun
Almmustuhtton: Mission, KS., USA: SDC Publications, 2022.
Fáttát:
Fáddágilkorat: Lasit fáddágilkoriid
Eai fáddágilkorat, Lasit vuosttaš fáddágilkora!

MARC

LEADER 00000 a2200000 4500
003 CL-VaPUC
005 20230605152421.0
008 220622b2022 ||||| |||| 00| 0 eng d
999 |c 436209  |d 436207 
020 |a ‎ 9781630575168 
040 |c Pontificia Universidad Católica de Valparaíso 
082 7 |a 620.00420285 HAN 2022  |2 22 
100 |a Hansen , Scott  |e author  |9 871152 
245 |a Autodesk Inventor 2023: A Tutorial Introduction.  
260 |a Mission, KS., USA:  |b SDC Publications,   |c 2022. 
300 |a paginación irregular;  |b ilustraciones. 
500 |a Includes video instruction.  
583 |k Cristina María Rojas Aguilar  |c 20220622 
650 |a Diseño asistido por computadora  |9 871291 
650 |a Modelado paramétrico de sólidos  |9 871292 
650 |a Diseño mecánico  |x Productos en 3D  |9 871293 
942 |2 ddc  |c BK 
952 |0 0  |1 0  |2 ddc  |4 0  |6 620_004202850000000_HAN_2022  |7 0  |8 R  |9 583948  |a BIBMEC  |b BIBMEC  |c GEN  |d 2022-06-22  |e 1  |g 77905.00  |i 5652036  |l 12  |o 620.00420285 HAN 2022  |p 5652036  |r 2025-04-23  |s 2025-04-21  |t 2  |v 77905.00  |w 2022-06-22  |y BK_R  |k MEC 
952 |0 0  |1 0  |2 ddc  |4 0  |6 620_004202850000000_HAN_2022  |7 0  |8 R  |9 583949  |a BIBMEC  |b BIBMEC  |c GEN  |d 2022-06-22  |e 1  |g 77905.00  |i 5652035  |l 9  |m 1  |o 620.00420285 HAN 2022  |p 5652035  |r 2024-01-19  |s 2023-11-23  |t 1  |v 77905.00  |w 2022-06-22  |y BK_R  |k MEC